000 00512nam a2200169 i 4500
001 84292
003 ES-MaACL
005 20231229063022.0
007 t|
008 041122s1932 sp ||||1| spa d
100 1 _aJiménez Díaz, Carlos,
_d1898-1967
_966515
245 1 3 _aEl asma y otras enfermedades alérgicas /
_cCarlos Jiménez Díaz.
260 _aMadrid :
_b[s.n.,
_c1932] (
_fSucs. de Rivadeneyra)
300 _aXVII, 945 p. ;
_c23 cm.
852 _aES-MaACL
_jE-834
999 _c84292
_d84292